00278nam a2200121Ia 4500008004100000100002000041245003300061260002000094300000800114650001000122942000700132999001700139190216s9999||||xx |||||||||||||| ||und|| aSanthosh Bhatya 0aHindi-Kamjar Duniya Ka Rasta bShilpayanc2009 a207 aHindi cBK c16686d16686